000 00270nam a2200109Ia 4500
008 200302s9999 xx 000 0 und d
100 _aLee Watson
245 _aLighting Design Handbook
260 _bMcgraw- hill International Book co.,
260 _c1990
300 _a458 P.,
999 _c970
_d970